Statistics for UK groups of 4

Click here to take the quiz!

General Stats

  • This quiz has been taken 283 times
  • The average score is 21 of 32

Answer Stats

HintAnswer% Correct
Northern Ireland
99%
Scotland
99%
Wales
99%
CountriesEngland
98%
Largest Cities (by population)London
98%
Most spoken languagesEnglish
97%
Manchester
93%
Top 4 most watched sports in UK (on TV)Football
92%
Birmingham
88%
Rugby
86%
United States
84%
Where UK exports most to (volume)United States
84%
France
79%
Glasgow
78%
Cricket
76%
China
75%
China
75%
Germany
72%
Where UK imports most from (volume)Germany
72%
Tennis
65%
Welsh
65%
Largest English Counties (by surface area)Yorkshire
57%
Polish
44%
Devon
39%
Busiest UK train stationsLondon Waterloo
32%
Cumbria
31%
London Victoria
31%
Punjabi
26%
Holland
24%
London Liverpool Street
21%
Lincolnshire
20%
London Bridge
7%

Score Distribution

Percentile by Number Answered

Percent of People with Each Score

Your Score History

You have not taken this quiz